| 000 | 00666nam a2200181Ia 4500 | ||
|---|---|---|---|
| 008 | 151018s9999 xx 000 0 und d | ||
| 082 |
_bRBASDV7888 _a891.464 |
||
| 100 | _aसुनेत्रा ओक | ||
| 245 | _aसंदार्भसहाय्य | ||
| 250 | _b1 | ||
| 260 |
_bमहाराष्ट्र राज्य साहित्य संस्कुती मंडळ मुंबई _c1972 |
||
| 300 | _a32 | ||
| 600 | _aसुनेत्रा ओक | ||
| 630 | _aसंदार्भसहाय्य | ||
| 700 | _aसुनेत्रा ओक | ||
| 730 | _aसंदार्भसहाय्य | ||
| 942 | _cBOOK | ||
| 999 |
_c1010253 _d1010250 |
||